000 00290nam a2200133 i 4500
001 bg
100 1 _aSKVOJRS, DŻ.
245 0 _aPrakticeskaja fizika /
_cDż. Skvojrs.
260 _aMoskva.
040 _cBPK
041 _apol
942 _cKS
008 s pl f |000 0 pol
999 _c14141
_d14141
856 _uhttp://koha.tu.koszalin.pl/cgi-bin/koha/opac-detail.pl?biblionumber=14141
_yKatalog online BPK